Análisis y proyecciones de la matrícula escolar en los países en desarrollo: manual metodológico/ Tore Thonstad. (Record no. 138954)
[ view plain ]
| 000 -CABECERA | |
|---|---|
| campo de control de longitud fija | 00735nam a2200205 a 4500 |
| 005 - FECHA Y HORA DE LA ÚLTIMA TRANSACCIÓN | |
| campo de control | 20210219160508.0 |
| 008 - ELEMENTOS DE LONGITUD FIJA--INFORMACIÓN GENERAL | |
| campo de control de longitud fija | 081109s2000 mx r 000 0 spa d |
| 020 ## - NÚMERO INTERNACIONAL NORMALIZADO PARA LIBROS | |
| Número Internacional Estándar del Libro | 9233017192. |
| 035 ## - NÚMERO DE CONTROL DEL SISTEMA | |
| Número de control de sistema | UPN01000166843 |
| 049 ## - COLECCIÓN | |
| Colección | UNE |
| 080 ## - NÚMERO DE CLASIFICACIÓN DECIMAL UNIVERSAL | |
| Número de la Clasificación Decimal Universal | OC 31: 371.212. 1(-77) THO No.24. |
| 100 1# - ASIENTO PRINCIPAL--NOMBRE PERSONAL | |
| Nombre de persona | Thonstad, Tore |
| 245 10 - MENCIÓN DE TÍTULO | |
| Título | Análisis y proyecciones de la matrícula escolar en los países en desarrollo: manual metodológico/ Tore Thonstad. |
| 260 ## - PUBLICACIÓN, DISTRIBUCIÓN, ETC. | |
| Lugar de publicación, distribución, etc. | París : UNESCO, 1986. |
| 300 ## - DESCRIPCIÓN FÍSICA | |
| Extensión | 136 p.; 30 cm. il., fot. |
| 440 #0 - MENCIÓN DE SERIE/ASIENTO SECUNDARIO--TÍTULO | |
| Título | Informes y estudios estadísticos; 24 |
| 690 ## - PUNTO DE ACCESO ADICIONAL DE MATERIA LOCAL--TÉRMINO DE MATERIA (OCLC, RLIN) | |
| Término de materia o nombre geográfico como elemento inicial | Estadisticas educacionales- Matricula- Paises en desarrollo |
| 690 ## - PUNTO DE ACCESO ADICIONAL DE MATERIA LOCAL--TÉRMINO DE MATERIA (OCLC, RLIN) | |
| Término de materia o nombre geográfico como elemento inicial | Matricula- Metodos estadisticos- Paises en desarrollo |
| 905 ## - TIPO DE MATERIAL | |
| Tipo de material | UNESCO |
No items available.
